000
00303nam a2200121Ia 4500
008
220901s9999||||xx |||||||||||||| ||und||
082
_a
505 BAL
100
_a
Balaram, P.
245
0
_a
Current science
250
_a
Vol. 97 Issue 1, 2 & 3
260
_b
Indian Academy Science
_c
2009
650
_a
Physics
999
_c
193932
_d
193932